Gobernar desde las ciudades: la expansión metropolitana de San Salvador
Spremljeno u:
| Glavni autor: | |
|---|---|
| Format: | Nepoznato |
| Izdano: |
San José:
FLACSO. Programa Costa Rica
|
| Teme: | |
| Oznake: |
Dodaj oznaku
Bez oznaka, Budi prvi tko označuje ovaj zapis!
|
MARC
| LEADER | 00000 a2200000 04500 | ||
|---|---|---|---|
| 001 | 11758 | ||
| 003 | cru CIDCACS/IIS | ||
| 005 | 20171103165853.0 | ||
| 008 | 991231s1998 CR d | ||
| 999 | |c 16709 |d 16709 | ||
| 040 | |c cru CIDCACS/IIS | ||
| 090 | |a 14.04.03 L963g | ||
| 100 | 1 | |a Barba, Jaime Francisco |9 5867 | |
| 245 | |a Gobernar desde las ciudades: |b la expansión metropolitana de San Salvador |c Jaime Francisco Barba | ||
| 260 | |a San José: |b FLACSO. Programa Costa Rica | ||
| 300 | |a páginas 65-93 | ||
| 650 | |a GOBERNABILIDAD | ||
| 650 | |a CIUDADES | ||
| 650 | |a MEDIO URBANO | ||
| 650 | |a PLANIFICACION URBANA | ||
| 650 | |a ZONAS URBANAS | ||
| 942 | |2 ddc |c LI | ||
| 773 | 0 | |0 3697 |9 1487 |a Lungo Uclés, Mario |d San José: FLACSO. Programa Costa Rica 1998 |o 18290 |t Gobernabilidad urbana en Centroamérica |w (cru CIDCACS/IIS)11759 | |
